[Event "Titled Tuesday intern op 04th Mar Early"]
[Site "Chess.com INT"]
[Date "2025.03.04"]
[Round "9"]
[White "Parra Gonzales, Andre Leonardo"]
[Black "Thorhallsson, Simon"]
[Result "0-1"]
[WhiteElo "2095"]
[BlackElo "2232"]
[PlyCount "88"]
[EventDate "2025.03.04"]
[EventType "swiss (blitz)"]
[EventRounds "11"]
[EventCountry "USA"]
[SourceTitle "CB11_2025"]
[SourceDate "2025.03.12"]
[SourceVersion "1"]
[SourceVersionDate "2025.03.12"]
[SourceQuality "1"]

1. Nf3 Nf6 2. c4 g6 3. Nc3 Bg7 4. e4 d6 5. d4 Bg4 6. Be2 Nbd7 7. Be3 Bxf3 8. Bxf3 e5 9. d5 h5 10. b4 Bh6 11. Bxh6 Rxh6 12. Qd2 Rh8 13. Be2 Kf8 14. Qe3 Kg7 15. c5 a5 16. cxd6 cxd6 17. bxa5 Qxa5 18. 0-0 Rhc8 19. Nb5 Qb4 20. Rfb1 Qxe4 21. Nxd6 Qxe3 22. fxe3 Rc2 23. Bc4 b6 24. Bb3 Re2 25. Re1 Rxe1+ 26. Rxe1 Nc5 27. e4 Rd8 28. Nc4 Ncxe4 29. Nxe5 Nd2 30. Nc4 Nxb3 31. axb3 Rxd5 32. Nxb6 Rb5 33. Nc4 Rxb3 34. Ne5 Rb4 35. Rf1 Re4 36. Nd3 Re3 37. Nb4 Re2 38. Nc6 Ng4 39. Nd8 f5 40. h3 Ne3 41. Rf2 Re1+ 42. Kh2 Nf1+ 43. Kg1 Ng3+ 44. Kh2 h4 0-1

[Event "Cusco zt 2.4"]
[Site "Cusco"]
[Date "2025.01.29"]
[Round "3"]
[White "Fier, Alexandr"]
[Black "Parra Gonzales, Andre Leonardo"]
[Result "1-0"]
[WhiteElo "2549"]
[BlackElo "2154"]
[PlyCount "95"]
[EventDate "2025.01.28"]
[EventType "swiss"]
[EventRounds "9"]
[EventCountry "PER"]
[SourceTitle "CB06_2025"]
[SourceDate "2025.02.05"]
[SourceVersion "1"]
[SourceVersionDate "2025.02.05"]
[SourceQuality "1"]

1. d4 Nf6 2. c4 e6 3. Nf3 d5 4. Nc3 c6 5. e3 a6 6. Qc2 Nbd7 7. b3 Bd6 8. Bd3 0-0 9. 0-0 e5 10. cxd5 cxd5 11. e4 exd4 12. Nxd5 Nxd5 13. exd5 h6 14. Nxd4 Nf6 15. Nf5 Be5 16. Ba3 Bxf5 17. Bxf5 Bxa1 18. Bxf8 Be5 19. Ba3 Qxd5 20. Rd1 Qa5 21. Bc1 Qc3 22. Qxc3 Bxc3 23. g3 b5 24. Be3 a5 25. Rd3 Bb2 26. Bb6 g6 27. Bh3 Ra6 28. Rd8+ Kg7 29. Rb8 Nd5 30. Bc5 Nb4 31. Rxb5 Nxa2 32. Bf1 Bc3 33. Bc4 Rc6 34. Be3 Rc7 35. Bb6 Rd7 36. Bxa5 Bxa5 37. Rxa5 Nb4 38. Kg2 h5 39. Rc5 h4 40. gxh4 Re7 41. h5 gxh5 42. Rxh5 Nc2 43. Rd5 Kf6 44. h4 Re8 45. Rd7 Rg8+ 46. Kf3 Rg7 47. Ke2 Rh7 48. Bd3 1-0

[Event "Cusco zt 2.4"]
[Site "Cusco"]
[Date "2025.01.28"]
[Round "2"]
[White "Fernandez Monteza, Fabian Arturo"]
[Black "Parra Gonzales, Andre Leonardo"]
[Result "0-1"]
[WhiteElo "1864"]
[BlackElo "2154"]
[PlyCount "148"]
[EventDate "2025.01.28"]
[EventType "swiss"]
[EventRounds "9"]
[EventCountry "PER"]
[SourceTitle "CB06_2025"]
[SourceDate "2025.02.05"]
[SourceVersion "1"]
[SourceVersionDate "2025.02.05"]
[SourceQuality "1"]

1. d4 Nf6 2. c4 e6 3. Nc3 Bb4 4. e3 0-0 5. Bd3 Re8 6. a3 Bxc3+ 7. bxc3 d6 8. Ne2 e5 9. f3 c5 10. 0-0 Nc6 11. d5 Na5 12. Ng3 b6 13. e4 Ba6 14. Qe2 Nb3 15. Rb1 Nxc1 16. Rbxc1 Bc8 17. Rf2 h5 18. Nf1 h4 19. g3 Bh3 20. Qe3 Nh5 21. Nd2 Qf6 22. g4 Nf4 23. Bf1 g6 24. Bxh3 Nxh3+ 25. Kg2 Qf4 26. Qxf4 Nxf4+ 27. Kg1 Nh3+ 28. Kg2 Nxf2 29. Kxf2 Rf8 30. Rg1 Kh7 31. g5 f6 32. gxf6 Kh6 33. Rg4 Kh5 34. h3 Rxf6 35. Rg1 Rb8 36. a4 Kh6 37. Ke3 Kg7 38. Ke2 Rh8 39. Ke3 Rh5 40. Ke2 Rf8 41. Ke3 Kf6 42. Ke2 Rfh8 43. Ke3 Rg5 44. Rg4 Rh7 45. Nb3 Rxg4 46. fxg4 Ke7 47. Nd2 Kd7 48. Nf3 Kc7 49. Ng5 Rh8 50. Ne6+ Kb7 51. Ng5 Rf8 52. Ne6 Rf1 53. Nd8+ Kc8 54. Nc6 Kd7 55. Nb8+ Kc7 56. Nc6 Rh1 57. Ne7 Rxh3+ 58. Kd2 g5 59. Ng6 Rf3 60. Ke2 Rf6 61. Ne7 h3 62. Nf5 Rxf5 63. exf5 h2 64. f6 h1Q 65. f7 Qe4+ 66. Kd2 Qf4+ 67. Kc2 e4 68. Kb3 e3 69. a5 e2 70. f8Q Qxf8 71. Ka4 e1Q 72. Kb5 Qfe8+ 73. Ka6 Qc8+ 74. Kb5 Qee8# 0-1

[Event "Wch U16"]
[Site "Florianopolis"]
[Date "2024.11.05"]
[Round "7"]
[White "Soojay, Jorah"]
[Black "Parra Gonzales, Andre Leonardo"]
[Result "1/2-1/2"]
[WhiteElo "1972"]
[BlackElo "2188"]
[PlyCount "130"]
[EventDate "2024.10.29"]
[EventType "swiss"]
[EventRounds "11"]
[EventCountry "BRA"]
[SourceTitle "CB45_2024"]
[Source "ChessBase"]
[SourceDate "2024.11.06"]
[SourceVersion "1"]
[SourceVersionDate "2024.11.06"]
[SourceQuality "1"]

1. e4 c5 2. Nf3 e6 3. d4 cxd4 4. Nxd4 a6 5. Bd3 Nf6 6. 0-0 Qc7 7. c4 Nc6 8. Nc2 Ne5 9. Ne3 Bc5 10. h3 b6 11. Nc3 Bb7 12. Nc2 Ng6 13. Re1 0-0 14. Be3 Rac8 15. Rc1 Rfd8 16. b3 Qb8 17. Bxc5 Rxc5 18. Nd4 Nf4 19. Nf3 d5 20. cxd5 exd5 21. e5 Ne4 22. Ne2 Rxc1 23. Nxc1 Qc7 24. Ne2 Ne6 25. Ned4 Nxd4 26. Nxd4 Qxe5 27. Bxa6 Qb8 28. Bxb7 Qxb7 29. Nf5 Nf6 30. Qd4 Re8 31. Rxe8+ Nxe8 32. Qxd5 Qc7 33. Qa8 Qc1+ 34. Kh2 Qf4+ 35. Ng3 Kf8 36. Kg1 Qc1+ 37. Nf1 Qc5 38. g3 Qe5 39. Ne3 g6 40. Qc6 Qc7 41. Qxc7 Nxc7 42. Kf1 Ke7 43. Ke2 Kd6 44. Kd3 Kc5 45. a3 b5 46. a4 f5 47. axb5 Nxb5 48. Nc2 Nd6 49. Ke3 h6 50. g4 Kd5 51. gxf5 Nxf5+ 52. Kf4 Nd6 53. Ne3+ Ke6 54. h4 g5+ 55. hxg5 hxg5+ 56. Kg4 Ne4 57. f3 Nc5 58. b4 Nd3 59. Kxg5 Nxb4 60. f4 Kf7 61. f5 Nc6 62. Nc4 Kg7 63. f6+ Kf7 64. Nd6+ Ke6 65. Kg6 Ne5+ 1/2-1/2

[Event "Titled Tuesday intern op 24th Sep Late"]
[Site "Chess.com INT"]
[Date "2024.09.24"]
[Round "8"]
[White "Parra Gonzales, Andre Leonardo"]
[Black "Oliveira, Tiago Batista"]
[Result "1/2-1/2"]
[WhiteElo "2175"]
[BlackElo "1982"]
[PlyCount "44"]
[EventDate "2024.09.24"]
[EventType "swiss (blitz)"]
[EventRounds "11"]
[EventCountry "USA"]
[SourceTitle "EXT 2025"]
[Source "ChessBase"]
[SourceDate "2024.10.14"]
[SourceVersion "1"]
[SourceVersionDate "2024.10.14"]
[SourceQuality "1"]

1. e4 e5 2. Nf3 Nc6 3. Bb5 a6 4. Ba4 Nf6 5. 0-0 Nxe4 6. d4 b5 7. Bb3 d5 8. dxe5 Be6 9. c3 Bc5 10. Nbd2 0-0 11. Qe2 Bf5 12. Nxe4 dxe4 13. Ng5 e3 14. Bxe3 Bd3 15. Qh5 Bxe3 16. fxe3 Nxe5 17. Rxf7 Nxf7 18. Nxf7 Qe7 19. Ne5+ Kh8 20. Nf7+ Kg8 21. Ne5+ Kh8 22. Nf7+ Kg8 1/2-1/2

[Event "Titled Tuesday intern op 24th Sep Late"]
[Site "Chess.com INT"]
[Date "2024.09.24"]
[Round "6"]
[White "Parra Gonzales, Andre Leonardo"]
[Black "Poeta, Caio Medeiros"]
[Result "0-1"]
[WhiteElo "2175"]
[BlackElo "2088"]
[PlyCount "114"]
[EventDate "2024.09.24"]
[EventType "swiss (blitz)"]
[EventRounds "11"]
[EventCountry "USA"]
[SourceTitle "EXT 2025"]
[Source "ChessBase"]
[SourceDate "2024.10.14"]
[SourceVersion "1"]
[SourceVersionDate "2024.10.14"]
[SourceQuality "1"]

1. e4 c6 2. Nf3 d5 3. d3 dxe4 4. dxe4 Qxd1+ 5. Kxd1 Nf6 6. Nfd2 h5 7. a4 g5 8. Bd3 g4 9. Nc4 Bh6 10. Bxh6 Rxh6 11. Nbd2 Nbd7 12. b4 Nb6 13. Ne3 Be6 14. a5 Nbd7 15. f4 gxf3 16. gxf3 Ne5 17. Ke2 0-0-0 18. h3 Ng6 19. Ng2 Rg8 20. Rag1 Ne5 21. Nf4 Ng6 22. Ke3 Nxf4 23. Rxg8+ Nxg8 24. Kxf4 Rg6 25. Bf1 h4 26. Ke3 Nf6 27. f4 Rg3+ 28. Nf3 Nxe4 29. Kxe4 Bd5+ 30. Ke3 Bxf3 31. Rh2 Bg2+ 32. Kf2 Bxf1 33. Kxf1 Rf3+ 34. Ke2 Rxf4 35. c3 Kd7 36. Ke3 e5 37. Rd2+ Ke7 38. Rg2 Ke6 39. Rg8 c5 40. bxc5 Rc4 41. Rb8 Rxc3+ 42. Kd2 Rxc5 43. Rxb7 Rxa5 44. Rb3 f5 45. Ke3 f4+ 46. Kf3 Kf5 47. Rb2 e4+ 48. Kf2 f3 49. Rb8 Ra2+ 50. Kf1 Kf4 51. Ke1 e3 52. Kd1 e2+ 53. Ke1 Ra1+ 54. Kd2 Rf1 55. Kd3 e1Q 56. Rf8+ Kg3 57. Rg8+ Kxh3 0-1

[Event "Titled Tuesday intern op 03rd Sep Early"]
[Site "Chess.com INT"]
[Date "2024.09.03"]
[Round "9"]
[White "Cano Gimenez, Vicente"]
[Black "Parra Gonzales, Andre Leonardo"]
[Result "0-1"]
[WhiteElo "2206"]
[BlackElo "2175"]
[PlyCount "42"]
[EventDate "2024.09.03"]
[EventType "swiss (blitz)"]
[EventRounds "11"]
[EventCountry "USA"]
[SourceTitle "EXT 2025"]
[Source "ChessBase"]
[SourceDate "2024.10.14"]
[SourceVersion "1"]
[SourceVersionDate "2024.10.14"]
[SourceQuality "1"]

1. Nf3 c5 2. c4 Nf6 3. g3 d5 4. cxd5 Nxd5 5. Nc3 Nc6 6. Bg2 Nc7 7. a3 g6 8. d4 cxd4 9. Ne4 Bg7 10. 0-0 0-0 11. Bg5 h6 12. Bc1 Bf5 13. Ned2 e5 14. Nc4 e4 15. Ne1 Re8 16. f4 b5 17. Nd2 Qd7 18. Nb3 Rad8 19. Nc5 Qd6 20. b4 Nd5 21. Bb2 Ne3 0-1

[Event "South America-ch U20 19th"]
[Site "Santa Cruz de la Sierra"]
[Date "2024.09.01"]
[Round "7"]
[White "Claure Verastegui, Rene David"]
[Black "Parra Gonzales, Andre Leonardo"]
[Result "0-1"]
[WhiteElo "2007"]
[BlackElo "2167"]
[PlyCount "74"]
[EventDate "2024.08.28"]
[EventType "swiss"]
[EventRounds "9"]
[EventCountry "BOL"]
[SourceTitle "EXT 2025"]
[Source "ChessBase"]
[SourceDate "2024.10.14"]
[SourceVersion "1"]
[SourceVersionDate "2024.10.14"]
[SourceQuality "1"]

1. e4 c5 2. Nf3 e6 3. d4 cxd4 4. Nxd4 a6 5. Bd3 d5 6. exd5 Qxd5 7. 0-0 Nd7 8. Be3 Ngf6 9. Nc3 Qa5 10. Kh1 Ne5 11. Be2 Qc7 12. Bf4 Bd7 13. Re1 Bd6 14. Bb5 0-0-0 15. Qe2 Neg4 16. Bxd7+ Rxd7 17. Bxd6 Qxd6 18. Nf3 Qb6 19. Kg1 Qxb2 20. Ne4 Nxe4 21. Qxe4 Nf6 22. Qh4 Rhd8 23. h3 Rc7 24. c4 h6 25. Rec1 Rd3 26. Rab1 Qxa2 27. c5 Rc3 28. Rd1 R3xc5 29. Qg3 Ne8 30. Ne5 f5 31. Qe3 Nf6 32. Nd3 Rd5 33. Qa7 b5 34. Qa8+ Kd7 35. Nb4 Qc4 36. Nxd5 Nxd5 37. Qf8 Qf4 0-1

[Event "South America-ch U20 19th"]
[Site "Santa Cruz de la Sierra"]
[Date "2024.08.31"]
[Round "6"]
[White "Jaque Gutierrez, Matias"]
[Black "Parra Gonzales, Andre Leonardo"]
[Result "1/2-1/2"]
[WhiteElo "2161"]
[BlackElo "2167"]
[PlyCount "37"]
[EventDate "2024.08.28"]
[EventType "swiss"]
[EventRounds "9"]
[EventCountry "BOL"]
[SourceTitle "EXT 2025"]
[Source "ChessBase"]
[SourceDate "2024.10.14"]
[SourceVersion "1"]
[SourceVersionDate "2024.10.14"]
[SourceQuality "1"]

1. Nf3 c5 2. c4 Nf6 3. Nc3 d5 4. cxd5 Nxd5 5. g3 Nc6 6. Bg2 Nc7 7. a3 g6 8. d3 Bg7 9. 0-0 0-0 10. Nd2 Bd7 11. Rb1 a5 12. Nc4 b5 13. Nb6 Rb8 14. Nxd7 Qxd7 15. Bf4 Nd5 16. Ne4 e5 17. Bh6 Qe7 18. Bxg7 Kxg7 19. Rc1 1/2-1/2

[Event "South America-ch U20 19th"]
[Site "Santa Cruz de la Sierra"]
[Date "2024.08.30"]
[Round "4"]
[White "Parra Gonzales, Andre Leonardo"]
[Black "Montevilla Cahuasa, Jonathan Isaac"]
[Result "1-0"]
[WhiteElo "2167"]
[BlackElo "2045"]
[PlyCount "78"]
[EventDate "2024.08.28"]
[EventType "swiss"]
[EventRounds "9"]
[EventCountry "BOL"]
[SourceTitle "EXT 2025"]
[Source "ChessBase"]
[SourceDate "2024.10.14"]
[SourceVersion "1"]
[SourceVersionDate "2024.10.14"]
[SourceQuality "1"]

1. e4 c5 2. Nf3 g6 3. c4 Nc6 4. d4 cxd4 5. Nxd4 Nf6 6. Nc3 Nxd4 7. Qxd4 d6 8. Be3 Bg7 9. f3 0-0 10. Qd2 Be6 11. Rc1 Qa5 12. b3 Rfc8 13. g4 a6 14. Na4 Qxd2+ 15. Kxd2 Nd7 16. h4 Rc6 17. h5 Ne5 18. Be2 b5 19. Nb6 Rb8 20. Nd5 Bxd5 21. exd5 Rcc8 22. h6 Bh8 23. cxb5 axb5 24. Rxc8+ Rxc8 25. f4 Nd7 26. Bxb5 Nf6 27. Bc6 Nxg4 28. Bd7 Nxe3 29. Bxc8 Nxd5 30. Rc1 Bd4 31. Rc4 Bc5 32. Ra4 Nb6 33. Ra6 e5 34. fxe5 dxe5 35. a4 f5 36. Be6+ Kf8 37. a5 Bb4+ 38. Ke2 Nc8 39. Bxc8 e4 1-0

[Event "South America-ch U20 19th"]
[Site "Santa Cruz de la Sierra"]
[Date "2024.08.28"]
[Round "2"]
[White "Parra Gonzales, Andre Leonardo"]
[Black "Campos Gomez, Manuel"]
[Result "0-1"]
[WhiteElo "2167"]
[BlackElo "2310"]
[PlyCount "68"]
[EventDate "2024.08.28"]
[EventType "swiss"]
[EventRounds "9"]
[EventCountry "BOL"]
[SourceTitle "EXT 2025"]
[Source "ChessBase"]
[SourceDate "2024.10.14"]
[SourceVersion "1"]
[SourceVersionDate "2024.10.14"]
[SourceQuality "1"]

1. e4 c5 2. Nf3 g6 3. c4 Nc6 4. d4 cxd4 5. Nxd4 Nf6 6. Nc3 Nxd4 7. Qxd4 d6 8. Be3 Bg7 9. Be2 0-0 10. Qd2 a5 11. 0-0 a4 12. Rab1 Qa5 13. Rfc1 Be6 14. b4 axb3 15. axb3 Qb4 16. Qc2 Rfc8 17. Bd2 Qb6 18. Be3 Qb4 19. Bd2 Qb6 20. Be3 Qd8 21. h3 Nd7 22. f4 Nc5 23. b4 Nd7 24. Nb5 Nb6 25. Qb3 Bd7 26. c5 Na4 27. cxd6 Bxb5 28. Rxc8 Rxc8 29. Bxb5 Nc3 30. dxe7 Qxe7 31. Rc1 Qxe4 32. Kf2 Bd4 33. Bxd4 Qxf4+ 34. Kg1 Ne2+ 0-1

[Event "Titled Tuesday intern op 27th Aug Early"]
[Site "Chess.com INT"]
[Date "2024.08.27"]
[Round "5"]
[White "Mrudul, Dehankar"]
[Black "Parra Gonzales, Andre Leonardo"]
[Result "1-0"]
[WhiteElo "2036"]
[BlackElo "2167"]
[PlyCount "45"]
[EventDate "2024.08.27"]
[EventType "swiss (blitz)"]
[EventRounds "11"]
[EventCountry "USA"]
[SourceTitle "EXT 2025"]
[Source "ChessBase"]
[SourceDate "2024.10.14"]
[SourceVersion "1"]
[SourceVersionDate "2024.10.14"]
[SourceQuality "1"]

1. e4 c5 2. Nf3 d6 3. d4 cxd4 4. Nxd4 Nf6 5. Nc3 a6 6. Bg5 Nbd7 7. f4 h6 8. Bh4 Qc7 9. Qf3 g5 10. fxg5 hxg5 11. Bxg5 Qc5 12. Be3 Ne5 13. Qe2 Neg4 14. Bg1 Bh6 15. g3 Ne5 16. h3 Qc7 17. Bg2 b5 18. Nf5 Bxf5 19. exf5 Rc8 20. a3 Nc4 21. Bd4 Kf8 22. 0-0 Nxb2 23. Nd5 1-0

[Event "Titled Tuesday intern op 27th Aug Early"]
[Site "Chess.com INT"]
[Date "2024.08.27"]
[Round "4"]
[White "Parra Gonzales, Andre Leonardo"]
[Black "Alahakoon, Isuru"]
[Result "0-1"]
[WhiteElo "2167"]
[BlackElo "1924"]
[PlyCount "52"]
[EventDate "2024.08.27"]
[EventType "swiss (blitz)"]
[EventRounds "11"]
[EventCountry "USA"]
[SourceTitle "EXT 2025"]
[Source "ChessBase"]
[SourceDate "2024.10.14"]
[SourceVersion "1"]
[SourceVersionDate "2024.10.14"]
[SourceQuality "1"]

1. e4 d5 2. exd5 Qxd5 3. Nc3 Qa5 4. d4 Nf6 5. Nf3 Bg4 6. h3 Bh5 7. g4 Bg6 8. Ne5 e6 9. Bd2 Nbd7 10. Nc4 Qa6 11. Bf4 Qc6 12. Rg1 0-0-0 13. Qe2 Bb4 14. Bd2 Bxc3 15. bxc3 Nb6 16. Ne5 Qa4 17. h4 Rhf8 18. Bg2 Bxc2 19. g5 Nfd7 20. Qf3 c6 21. Nxf7 Qa3 22. Qf4 Qe7 23. Nd6+ Kb8 24. Nf5+ e5 25. Nxe7 exf4 26. Kf1 Rde8 0-1

[Event "Titled Tuesday intern op 27th Aug Early"]
[Site "Chess.com INT"]
[Date "2024.08.27"]
[Round "6"]
[White "Parra Gonzales, Andre Leonardo"]
[Black "Medina Paz, Miguel"]
[Result "1/2-1/2"]
[WhiteElo "2167"]
[BlackElo "2368"]
[PlyCount "97"]
[EventDate "2024.08.27"]
[EventType "swiss (blitz)"]
[EventRounds "11"]
[EventCountry "USA"]
[SourceTitle "EXT 2025"]
[Source "ChessBase"]
[SourceDate "2024.10.14"]
[SourceVersion "1"]
[SourceVersionDate "2024.10.14"]
[SourceQuality "1"]

1. e4 c5 2. Nf3 Nc6 3. d4 cxd4 4. Nxd4 g6 5. c4 Bg7 6. Be3 Nf6 7. Nc3 0-0 8. Be2 d6 9. 0-0 Bd7 10. Nc2 a5 11. b3 Ng4 12. Bd2 h5 13. h3 Nf6 14. Be3 Qc8 15. Rc1 Bxh3 16. gxh3 Qxh3 17. Ne1 Ne5 18. f3 Nfg4 19. Bf4 Nf6 20. Rf2 Nh7 21. Nd5 Rae8 22. Rh2 Qc8 23. Be3 f5 24. exf5 Qxf5 25. Rg2 h4 26. Nf4 g5 27. Nfd3 h3 28. Rg3 Ng6 29. Nf2 h2+ 30. Kg2 Nh4+ 31. Kh1 Be5 32. Rg4 Kh8 33. Qd5 e6 34. Qe4 Rg8 35. Ng2 Nf6 36. Qxf5 exf5 37. Rxg5 Nxg2 38. Rxg2 Rxg2 39. Kxg2 f4 40. Bd2 Bd4 41. Kf1 Nh5 42. Nh1 Rg8 43. Bd3 Rg1+ 44. Ke2 Rg2+ 45. Kd1 Rg1+ 46. Kc2 Rg2 47. Kd1 Rg1+ 48. Kc2 Rg2 49. Kd1 1/2-1/2

[Event "PER-ch"]
[Site "Lima"]
[Date "2024.07.12"]
[Round "11"]
[White "Delgado Romero, Marco"]
[Black "Parra Gonzales, Andre Leonardo"]
[Result "1/2-1/2"]
[WhiteElo "2341"]
[BlackElo "2043"]
[PlyCount "154"]
[EventDate "2024.07.06"]
[EventType "tourn"]
[EventRounds "11"]
[EventCountry "PER"]
[SourceTitle "EXT 2025"]
[Source "ChessBase"]
[SourceDate "2024.10.14"]
[SourceVersion "1"]
[SourceVersionDate "2024.10.14"]
[SourceQuality "1"]

1. e4 e5 2. Nf3 Nf6 3. d4 Nxe4 4. dxe5 d5 5. exd6 Bxd6 6. Bd3 Nc5 7. 0-0 Nxd3 8. Qxd3 0-0 9. Bg5 Qd7 10. Nc3 Nc6 11. Rad1 Qf5 12. Ne4 Ne5 13. Nxd6 Nxf3+ 14. Qxf3 Qxf3 15. gxf3 cxd6 16. Kg2 Bf5 17. c4 b5 18. cxb5 Rfb8 19. Rxd6 Rxb5 20. b3 h6 21. Be3 a5 22. Rc1 Be6 23. Rc5 Rxc5 24. Bxc5 a4 25. Rb6 Rc8 26. Bd4 Rc2 27. bxa4 Rc4 28. Bb2 Rxa4 29. a3 h5 30. Rb5 h4 31. Rg5 g6 32. Rb5 Kh7 33. h3 Rf4 34. Bc1 Ra4 35. Rb8 Ra5 36. Rb4 g5 37. Rd4 Kg6 38. Rd8 f6 39. Rd6 Kf7 40. Rd4 Rc5 41. Bb2 Rc4 42. Rd6 Ra4 43. Rb6 Rf4 44. Rd6 Ra4 45. Bc1 Ra5 46. Rc6 Ra4 47. Rc7+ Kg6 48. Re7 Bf7 49. Re3 Bd5 50. Bd2 Kf7 51. Bb4 Ra7 52. Rd3 Ke6 53. Rc3 Rg7 54. Kf1 Rb7 55. Ke2 Kf7 56. Kf1 Ke6 57. Kg1 Kf7 58. Kh2 Ke6 59. Rd3 Ra7 60. Bd2 Rb7 61. f4 Rb1 62. f3 gxf4 63. Bxf4 Rb3 64. Rxb3 Bxb3 65. Kg2 Kf5 66. Bd2 Ba4 67. Kf2 Bd7 68. Ke3 Kg6 69. Kf4 Bxh3 70. Be1 Kh5 71. a4 Bc8 72. a5 h3 73. Kg3 Kg5 74. Bc3 Kg6 75. a6 Bxa6 76. Kxh3 Bb7 77. Bxf6 Bxf3 1/2-1/2

[Event "PER-ch"]
[Site "Lima"]
[Date "2024.07.11"]
[Round "10"]
[White "Parra Gonzales, Andre Leonardo"]
[Black "Garay Ramirez, Estefano Javier"]
[Result "1-0"]
[WhiteElo "2043"]
[BlackElo "1896"]
[PlyCount "75"]
[EventDate "2024.07.06"]
[EventType "tourn"]
[EventRounds "11"]
[EventCountry "PER"]
[SourceTitle "EXT 2025"]
[Source "ChessBase"]
[SourceDate "2024.10.14"]
[SourceVersion "1"]
[SourceVersionDate "2024.10.14"]
[SourceQuality "1"]

1. e4 c5 2. Nf3 e6 3. d4 cxd4 4. Nxd4 Nc6 5. Nc3 Qc7 6. Qd3 a6 7. Nxc6 Qxc6 8. Qg3 h5 9. h4 Nf6 10. Bd3 Ng4 11. f3 Bd6 12. Bf4 Bxf4 13. Qxf4 Nf6 14. Qg5 Kf8 15. e5 Ne8 16. 0-0-0 Ra7 17. Ne4 b5 18. g4 d5 19. exd6 Rd7 20. Qf4 Bb7 21. Be2 hxg4 22. Rd4 f6 23. Qxg4 e5 24. Rd2 Bc8 25. Rg1 g6 26. Qe6 Rg7 27. Qb3 Rxh4 28. Rd3 Bf5 29. Rgd1 Rd7 30. Rc3 Qb6 31. Rc8 Rh8 32. Nxf6 Rd8 33. Rxd8 Qxd8 34. Nxe8 Kxe8 35. Qd5 Qg5+ 36. Kb1 Kd7 37. Qf7+ Kc8 38. Qc7# 1-0

[Event "PER-ch"]
[Site "Lima"]
[Date "2024.07.11"]
[Round "9"]
[White "Sanchez Negreiros, Jose Alberto"]
[Black "Parra Gonzales, Andre Leonardo"]
[Result "0-1"]
[WhiteElo "1972"]
[BlackElo "2043"]
[PlyCount "174"]
[EventDate "2024.07.06"]
[EventType "tourn"]
[EventRounds "11"]
[EventCountry "PER"]
[SourceTitle "EXT 2025"]
[Source "ChessBase"]
[SourceDate "2024.10.14"]
[SourceVersion "1"]
[SourceVersionDate "2024.10.14"]
[SourceQuality "1"]

1. e4 c5 2. Nf3 d6 3. Bb5+ Nd7 4. 0-0 a6 5. Bd3 g6 6. c3 Bh6 7. Bc2 Ne5 8. Nxe5 dxe5 9. d3 Bg7 10. Be3 Qc7 11. a4 Nf6 12. a5 0-0 13. f3 Be6 14. Nd2 Rac8 15. Bb3 Bxb3 16. Qxb3 Rfd8 17. Qc2 Rb8 18. Nc4 Nd7 19. b4 Bf8 20. Qb3 Qc6 21. Rab1 cxb4 22. cxb4 Qe6 23. b5 Bg7 24. Qa3 Rbc8 25. bxa6 bxa6 26. Nb6 Nxb6 27. axb6 Rb8 28. Qxa6 Rd7 29. Rfc1 Rdb7 30. Rb5 Qd6 31. Rd5 Qb4 32. Qc4 Rxb6 33. Bxb6 Qxb6+ 34. Rc5 Bh6 35. Kh1 Bxc1 36. Qxc1 Qa6 37. Rc3 Qa2 38. Rc8+ Rxc8 39. Qxc8+ Kg7 40. Qc1 Qb3 41. Qf1 g5 42. h3 Qc2 43. Qa1 Qc5 44. Qb2 h5 45. Qd2 Kg6 46. g3 Qd4 47. Kg2 f6 48. Qa2 Kg7 49. Qa3 Qd7 50. Qc5 Kf8 51. Qc4 Qb7 52. Qc3 Qb6 53. Qc8+ Kg7 54. Qc1 Qd4 55. Qd2 Kg6 56. Qa2 Kg7 57. Qa3 Qd7 58. Qc5 Kf8 59. Qc3 Qa7 60. Qc8+ Kg7 61. Qe6 Qc5 62. Qb3 h4 63. gxh4 gxh4 64. Qd1 Qe3 65. Kh1 Qf2 66. f4 Qxf4 67. Qg1+ Kf7 68. Qg2 Qc1+ 69. Kh2 Qf4+ 70. Kh1 Kf8 71. Qg6 Qc1+ 72. Kg2 Qg5+ 73. Qxg5 fxg5 74. Kf3 Kf7 75. Ke3 Kf6 76. Kf3 Kg6 77. Kg4 e6 78. Kf3 Kh5 79. Kf2 g4 80. Kg2 Kg5 81. hxg4 Kxg4 82. Kh2 Kf3 83. Kh3 Ke3 84. Kxh4 Kxd3 85. Kg3 Kxe4 86. Kf2 Kd3 87. Ke1 Kd4 0-1

[Event "PER-ch"]
[Site "Lima"]
[Date "2024.07.10"]
[Round "8"]
[White "Parra Gonzales, Andre Leonardo"]
[Black "Terry, Renato"]
[Result "1/2-1/2"]
[WhiteElo "2043"]
[BlackElo "2526"]
[PlyCount "108"]
[EventDate "2024.07.06"]
[EventType "tourn"]
[EventRounds "11"]
[EventCountry "PER"]
[SourceTitle "EXT 2025"]
[Source "ChessBase"]
[SourceDate "2024.10.14"]
[SourceVersion "1"]
[SourceVersionDate "2024.10.14"]
[SourceQuality "1"]

1. e4 c6 2. d4 d5 3. e5 c5 4. dxc5 e6 5. Bd3 Nc6 6. Nf3 f6 7. Qe2 Bxc5 8. 0-0 fxe5 9. Nxe5 Nf6 10. Bf4 0-0 11. Bg3 Qe8 12. c4 Qh5 13. Nxc6 bxc6 14. Qc2 Ba6 15. cxd5 Bxd3 16. Qxd3 Qxd5 17. Qe2 Bd4 18. Nc3 Qf5 19. Rae1 Rae8 20. Be5 Bb6 21. Na4 Ba5 22. Bc3 Bc7 23. Be5 Ba5 24. Bc3 Rf7 25. Qe5 Qxe5 26. Rxe5 Bc7 27. Rc5 Rc8 28. Rc4 Nd5 29. g3 Bd6 30. Re1 Re7 31. Be5 Bxe5 32. Rxe5 Kf7 33. Nc5 h6 34. f4 Nf6 35. Re2 Rd8 36. Nb3 Rd6 37. Rec2 Ng4 38. Rc1 Red7 39. Rxc6 Rxc6 40. Rxc6 Rd1+ 41. Kg2 Rb1 42. Rc7+ Kf6 43. Rxa7 Rxb2+ 44. Kf3 Nxh2+ 45. Ke4 Re2+ 46. Kd4 Nf1 47. g4 Nh2 48. g5+ hxg5 49. fxg5+ Kg6 50. Nc5 Nf3+ 51. Kd3 Re5 52. Rc7 Rd5+ 53. Kc4 Nd2+ 54. Kb4 e5 1/2-1/2

[Event "PER-ch"]
[Site "Lima"]
[Date "2024.07.09"]
[Round "7"]
[White "Parra Gonzales, Andre Leonardo"]
[Black "Espinoza Pacheco, Aldrin Leo"]
[Result "1-0"]
[WhiteElo "2043"]
[BlackElo "2014"]
[PlyCount "135"]
[EventDate "2024.07.06"]
[EventType "tourn"]
[EventRounds "11"]
[EventCountry "PER"]
[SourceTitle "EXT 2025"]
[Source "ChessBase"]
[SourceDate "2024.10.14"]
[SourceVersion "1"]
[SourceVersionDate "2024.10.14"]
[SourceQuality "1"]

1. e4 c5 2. Nf3 d6 3. d4 cxd4 4. Nxd4 Nf6 5. Nc3 a6 6. h3 e5 7. Nb3 Be6 8. f4 exf4 9. Bxf4 Be7 10. Qf3 Nc6 11. 0-0-0 Qc7 12. Be2 0-0 13. Qg3 Ne5 14. Nd4 Rac8 15. Rd2 Qa5 16. Nf5 Bxf5 17. exf5 Rxc3 18. Qxc3 Qxa2 19. Qa3 Qxa3 20. bxa3 Ne4 21. Rd4 Nc3 22. Kd2 Nc6 23. Rd3 Ne4+ 24. Ke3 d5 25. Kf3 Re8 26. Rhd1 Bf6 27. Bf1 Nc3 28. Rc1 Nd4+ 29. Kf2 Nxf5 30. Kg1 g5 31. Bd2 Ne4 32. c3 Bd8 33. Rb1 b5 34. Be1 Bb6+ 35. Kh2 Ne3 36. Be2 Nc5 37. Rd2 Ba5 38. Ra2 Na4 39. Rc1 Rc8 40. Bd2 Re8 41. Bf3 d4 42. cxd4 Bxd2 43. Rxd2 Nc4 44. Rxc4 bxc4 45. Bc6 Re3 46. Bxa4 Rxa3 47. Bc2 Kf8 48. Bxh7 Ke7 49. Kg1 Kd6 50. Be4 a5 51. Rb2 Re3 52. Bf3 Rb3 53. Ra2 c3 54. Be4 Rb2 55. Rxa5 Re2 56. Bf5 g4 57. Rc5 g3 58. Bd3 Re1+ 59. Bf1 Rc1 60. h4 Ke6 61. h5 Kf6 62. Rc6+ Kg7 63. d5 f5 64. Rg6+ Kh7 65. Rxg3 Kh6 66. d6 Kxh5 67. Rxc3 Rxc3 68. d7 1-0